000 00427nam a22001697a 4500
005 20180612160432.0
008 160430b xxu||||| |||| 00| 0 eng d
020 _a81-259-0977-X
041 _aeng
082 _b1039
_a657
100 _aMaheshwari S.N. Maheshwari S.K.
_9327
245 _aFinancial Accounting
260 _bVikas Publishing house Pvt. Ltd.
_c2003
300 _a4.135
650 _aManagement
_9241
942 _cBK
999 _c376
_d376